000 00384nam a22001337a 4500
999 _c9566
_d9566
003 OSt
005 20210705103244.0
008 210705b ||||| |||| 00| 0 eng d
020 _a9781119374343
082 _a658.456
_bJOL
100 _aJolles, Robert L., 1957-
245 _a How to run seminars and workshops : presentation skills for consultants, trainers, and teachers
942 _2ddc